| 000 | 01462nam0a22002891 4500 | ||
|---|---|---|---|
| 001 | v19\rc\1524960 | ||
| 005 | 20260408013413.0 | ||
| 035 | _a(NLR Aleph) 005234116 | ||
| 090 |
_a5636181 _c5636181 |
||
| 100 | _a20060620d1886 |||y0rusy50 ca | ||
| 101 | 0 | _arus | |
| 102 | _aRU | ||
| 105 | _aa z ||||| | ||
| 200 | 1 |
_aМатериалы для курса Инструкторского отдела Офицерской кавалерийской школы _fСост. офицерами Инструктор. отд. Офицер. кавалерийской шк. под руководством [и с предисл.] флигель-адъютанта полк. Клейгельс |
|
| 210 |
_aСанкт-Петербург _d1886 |
||
| 215 |
_a[2], XX, 596 с., 66 л. ил. _d27 |
||
| 316 |
_aЭкз. РНБ (18.211.4.28): 2-й экз. деф.: отсутствуют 20 л. ил. _5NLR: 18.211.4.28 |
||
| 702 | 1 |
_4080 _7ca _8rus _aКлейгельс _bН. В. _f1850-1916 _gНиколай Васильевич _9244860 _3RU\NLR\AUTH\770244916 |
|
| 710 | 0 | 2 |
_aОфицерская кавалерийская школа _bИнструкторский отдел _cПетербург _9848058 _3RU\NLR\AUTH\8810175965 |
| 801 | 0 |
_aRU _bNLR _c20060620 _gpsbo |
|
| 801 | 0 |
_aRU _bRuMoRGB _c20060620 _2psbo |
|
| 801 | 1 |
_aRU _bProSoft-M _c20060620 _2rusmarc |
|
| 801 | 2 |
_aRU _bNLR _c20110202 _2rusmarc |
|
| 852 |
_aNLR _j18.211.4.28 |
||
| 942 | _cBOOK | ||
| 980 | _aNB | ||